00000000nam##2200000za#4500
0019.696271
003CaOODSP
00520241203113637
007cr |||||||||||
008150407|1994||||xxc|||||o    f|0| 0 eng|d
040 |aCaOODSP|beng
043 |an-cn---
0861 |aEn40-11/32-1994E-PDF
1101 |aCanada. |bEnvironment Canada.
24510|aCanada-United States Joint Inland Pollution Contingency Plan, 1994 / |h[electronic resource]|cIssued jointly by the United States Environmental Protection Agency.
260 |bEnvironment Canada |cJuly 1994.
300 |a31p.|bphotographs
500 |aThe catalogue number (En40-11/32-1994E) and ISBN (0-662-21604-0) for the print edition have been incorrectly copied in this electronic publication.
590 |a12-27-Supp|b2012-06-12
69007|aWater pollution|2gcpds
85640|ahttp://publications.gc.ca|qPDF|s317 KB|uhttps://publications.gc.ca/collections/collection_2012/ec/En40-11-32-1994-eng.pdf